10 Most Active U.S. States for Tornadoes - Statistics

General Stats
  • This quiz has been taken 33 times
  • The average score is 8 of 10
Answer Stats
Answer % Correct
Kansas
100%
Texas
100%
Missouri
97%
Oklahoma
97%
Alabama
83%
Illinois
83%
Iowa
79%
Mississippi
79%
Florida
59%
Minnesota
41%
No matching quizzes found
Score Distribution
Percent of People with Each Score
Percentile by Number Answered
Your Score History
You have not taken this quiz